History Quiz

Random History or City Quiz

Place of Death Quiz Stats

Quiz Updated Mar 30, 2012

Challenge
Share
Tweet
Embed
Score 0/38 Timer 07:00
4 Plays Today
Person City % Correct
John F. KennedyDallas, TX
92.4%
SocratesAthens, Ancient Greece
81.8%
Michael JacksonLos Angeles, CA
78%
Princess DianaParis, France
75.6%
Elvis PresleyMemphis, TN
74.9%
Eva BraunBerlin, Nazi Germany
67.8%
Benjamin FranklinPhiladelphia, PA
66.5%
Nikita KhrushchevMoscow, Soviet Union
65.1%
Brigham YoungSalt Lake City, Utah Territory
64.9%
Kurt CobainSeattle, WA
64.9%
Paul RevereBoston, MA
57.8%
Mao ZedongBeijing, China
56.4%
Wolfgang Amadeus MozartVienna, Austrian Empire
53.7%
Davy CrockettAlamo Mission, Republic of Texas
52.6%
Mother TeresaCalcutta, India
52.1%
Eva PerónBuenos Aires, Argentina
48.1%
Lady Jane GreyLondon, England
46.8%
Arthur GuinnessDublin, Ireland
45.3%
Cleopatra VIIAlexandria, Egypt
44.6%
Person City % Correct
General George CusterLittle Bighorn, MT
42.6%
Hans Christian AndersenCopenhagen, Denmark
41.8%
RembrandtAmsterdam, Dutch Republic
39.6%
Kim Il-sungPyongyang, North Korea
39.6%
Golda MeirJerusalem, Israel
38.9%
William ShakespeareStratford-upon-Avon, England
36.3%
Mustafa Kemal AtatürkIstanbul, Turkey
30.9%
Sid ViciousNew York, NY
30.7%
Diego RiveraMexico City, Mexico
27.4%
Bruce LeeHong Kong, British Empire
24.9%
Antoni GaudíBarcelona, Spain
23.6%
Haile Selassie IAddis Ababa, Ethiopia
21.8%
King Leonidas IThermopylae, Ancient Greece
19.6%
Albert EinsteinPrinceton, NJ
17.1%
Ned KellyMelbourne, Victoria, British Empire
14%
Bob MarleyMiami, FL
13%
Sir Edmund HillaryAuckland, New Zealand
12.5%
C. S. LewisOxford, UK
10.4%
Harry HoudiniDetroit, MI
7%

You're not logged in!

Compare scores with friends on all Sporcle quizzes.
Join for Free
OR
Log In

You Might Also Like...

Show Comments

Extras

Top Quizzes Today


Score Distribution

Your Account Isn't Verified!

In order to create a playlist on Sporcle, you need to verify the email address you used during registration. Go to your Sporcle Settings to finish the process.

Report this User

Report this user for behavior that violates our Community Guidelines.

Details: